[Event "40 Nezhmetdinov Memorial"]
[Site "Kazan"]
[Date "2018.09.20"]
[Round "8.23"]
[White "Markelova, Lubov"]
[Black "Danielyan, Vahe"]
[Result "0-1"]
[WhiteElo "2169"]
[BlackElo "2249"]
[PlyCount "104"]
[EventDate "2018.09.13"]

1. Nf3 Nf6 2. c4 g6 3. Nc3 Bg7 4. e4 O-O 5. d4 d6 6. Be2 e5 7. d5 Nbd7 8. O-O
Nc5 9. Qc2 a5 10. Bg5 h6 11. Be3 Nfd7 12. Nd2 f5 13. f3 f4 14. Bf2 g5 15. b3 h5
16. a3 Na6 17. Qd1 Nf6 18. b4 g4 19. c5 Qe8 20. cxd6 cxd6 21. Nc4 Qg6 22. Bh4
gxf3 23. Bxf3 Bg4 24. Nxd6 axb4 25. axb4 Bxf3 26. Qxf3 Nxb4 27. Nf5 Qg4 28.
Rab1 Qxf3 29. gxf3 Nc2 30. Rxb7 Rf7 31. Rfb1 Bf8 32. Rxf7 Kxf7 33. Rb7+ Kg6 34.
d6 Nd4 35. Nxd4 exd4 36. Bxf6 Kxf6 37. Nd5+ Ke5 38. d7 d3 39. Rb2 Bc5+ 40. Kg2
Rd8 41. Rd2 Kd4 42. Nxf4 Ke3 43. Rxd3+ Kxf4 44. Rd5 Be7 45. Rf5+ Ke3 46. Rxh5
Rxd7 47. Rd5 Bd6 48. h4 Rg7+ 49. Rg5 Re7 50. Rf5 Bf4 51. h5 Rg7+ 52. Kf1 Bh2
0-1

[Event "40 Nezhmetdinov Memorial"]
[Site "Kazan"]
[Date "2018.09.20"]
[Round "8.24"]
[White "Salemgareev, Tagir"]
[Black "Safin, Robert"]
[Result "1-0"]
[WhiteElo "2394"]
[BlackElo "2098"]
[PlyCount "73"]
[EventDate "2018.09.13"]

1. d4 Nf6 2. c4 g6 3. Nc3 Bg7 4. e4 d6 5. h3 O-O 6. Be3 Nbd7 7. Nf3 e5 8. d5 a5
9. g4 b6 10. Nd2 Nc5 11. Be2 Bd7 12. h4 Ne8 13. g5 f5 14. h5 Rf7 15. hxg6 hxg6
16. exf5 Bxf5 17. Nf1 Bf8 18. Ng3 Be7 19. Qd2 Qd7 20. O-O-O Rg7 21. Rh4 Rh7 22.
Rxh7 Kxh7 23. Rh1+ Kg8 24. Rh6 Ng7 25. Qd1 Kf7 26. Rh7 Rg8 27. Nxf5 gxf5 28.
Qh1 f4 29. g6+ Ke8 30. Bxc5 bxc5 31. Ne4 Qf5 32. Bd3 Qxg6 33. Nxc5 Qg5 34. Ne4
Qg6 35. Rh6 Qf7 36. Nxd6+ cxd6 37. Bg6 1-0

[Event "40 Nezhmetdinov Memorial"]
[Site "Kazan"]
[Date "2018.09.20"]
[Round "8.25"]
[White "Doroshenko, Diana"]
[Black "Ponfilenok, Vladimir"]
[Result "0-1"]
[WhiteElo "2122"]
[BlackElo "2353"]
[PlyCount "92"]
[EventDate "2018.09.13"]

1. e4 e6 2. d4 d5 3. Nc3 Bb4 4. e5 c5 5. a3 Bxc3+ 6. bxc3 Qa5 7. Bd2 Qa4 8. Qg4
Kf8 9. Qd1 b6 10. c4 Ba6 11. dxc5 Bxc4 12. cxb6 Nc6 13. b7 Rb8 14. Bxc4 Qxc4
15. Rb1 Nge7 16. Nf3 f6 17. Qe2 Qxe2+ 18. Kxe2 fxe5 19. Ng5 Nd8 20. Ba5 Nec6
21. Bc7 Rxb7 22. Nxe6+ Ke7 23. Bxd8+ Nxd8 24. Nxg7 Rc7 25. Rhc1 Rg8 26. Nf5+
Ke6 27. Ng3 Nc6 28. c3 Rg4 29. Kd3 Ra4 30. Nf1 Rxa3 31. Ra1 Rb3 32. Rab1 Nb4+
33. Kd2 Rcxc3 34. Rxb3 Rxb3 35. Rc7 d4 36. Ng3 Rb2+ 37. Kd1 Rxf2 38. Rxa7 Rxg2
39. Rxh7 Kd5 40. Rd7+ Kc4 41. Re7 Nd3 42. Nf1 Kd5 43. h4 e4 44. h5 Rf2 45. Ng3
e3 46. Rd7+ Ke6 0-1

[Event "40 Nezhmetdinov Memorial"]
[Site "Kazan"]
[Date "2018.09.20"]
[Round "8.26"]
[White "Mamedjarova, Turkan"]
[Black "Efremov, Vladislav"]
[Result "1-0"]
[WhiteElo "2312"]
[BlackElo "2095"]
[PlyCount "125"]
[EventDate "2018.09.13"]

1. d4 d5 2. Nf3 e6 3. c4 Nf6 4. Nc3 c5 5. e3 Nc6 6. Be2 Be7 7. O-O O-O 8. a3
dxc4 9. Bxc4 a6 10. dxc5 Bxc5 11. Qc2 Qc7 12. Ne4 Be7 13. b4 Ne5 14. Nxe5 Qxe5
15. Nxf6+ Bxf6 16. Ra2 Qc7 17. Qe4 Bd7 18. Bd3 g6 19. Qf3 Bg7 20. Rc2 Bc6 21.
Be4 Bxe4 22. Rxc7 Bxf3 23. gxf3 Rab8 24. Rd1 Rfc8 25. Rcd7 Bf6 26. e4 Rd8 27.
Bf4 Rbc8 28. e5 Bh4 29. R1d6 Rxd7 30. Rxd7 g5 31. Be3 b5 32. Ra7 Rc6 33. Bc5
Kg7 34. Kf1 h5 35. h3 Kg6 36. Rd7 Rc8 37. Ke2 Kf5 38. Ke3 Kg6 39. Ke4 Rd8 40.
Rb7 Rc8 41. Ra7 Rc6 42. Ra8 Kg7 43. Ra7 Kg6 44. Rd7 Rc8 45. Rd6 Ra8 46. Rb6 a5
47. bxa5 Rxa5 48. Bb4 Ra4 49. Rxb5 Bxf2 50. Ra5 Rxa5 51. Bxa5 f5+ 52. exf6 Kxf6
53. Bd8+ Kg6 54. Ke5 Bc5 55. a4 g4 56. fxg4 hxg4 57. hxg4 Ba7 58. Kxe6 Bb8 59.
a5 Ba7 60. a6 Bb8 61. Kd7 Ba7 62. Kc6 Bb8 63. Kb7 1-0

[Event "40 Nezhmetdinov Memorial"]
[Site "Kazan"]
[Date "2018.09.20"]
[Round "8.27"]
[White "Mukhutdinov, Tigran"]
[Black "Asatryan, Gor"]
[Result "1/2-1/2"]
[WhiteElo "2273"]
[BlackElo "2072"]
[PlyCount "71"]
[EventDate "2018.09.13"]

1. e4 c5 2. Nf3 Nc6 3. d4 cxd4 4. Nxd4 g6 5. Nc3 Bg7 6. Nb3 Nf6 7. Be2 O-O 8.
O-O b6 9. f4 Bb7 10. Bf3 d6 11. Qe2 Nd7 12. Rd1 Qc8 13. Nd5 Rd8 14. c3 e6 15.
Nb4 Nxb4 16. cxb4 Nf6 17. b5 e5 18. fxe5 dxe5 19. Bg5 Qe6 20. Rac1 Rxd1+ 21.
Rxd1 h5 22. Qd3 Rc8 23. Bxf6 Bxf6 24. Qd7 Qxd7 25. Rxd7 Rb8 26. a4 Kf8 27. Nd2
Rd8 28. Rxb7 Rxd2 29. b3 Rb2 30. Rxa7 Rxb3 31. Kf1 Be7 32. Ra8+ Kg7 33. Ra7 Kf8
34. Ra8+ Kg7 35. Ra7 Kf8 36. Ra8+ 1/2-1/2

[Event "40 Nezhmetdinov Memorial"]
[Site "Kazan"]
[Date "2018.09.20"]
[Round "8.28"]
[White "Zhitnikov, Konstantin"]
[Black "Garmash, Aliona"]
[Result "1-0"]
[WhiteElo "2247"]
[BlackElo "2067"]
[PlyCount "97"]
[EventDate "2018.09.13"]

1. d4 d5 2. c4 c6 3. Nf3 Nf6 4. Qc2 dxc4 5. Qxc4 Bf5 6. Nc3 e6 7. g3 Be7 8. Bg2
h6 9. O-O O-O 10. Bf4 Nbd7 11. Rac1 Nd5 12. Rfd1 N7f6 13. Ne5 Bh7 14. a3 Rc8
15. Qa2 Nxf4 16. gxf4 Nd5 17. e3 Bd6 18. Ne4 Bxe4 19. Bxe4 Qh4 20. Bg2 Be7 21.
Qb3 Rc7 22. Qd3 Nf6 23. h3 Rd8 24. b4 a6 25. Qb3 Nd5 26. Nd3 Bd6 27. Rc2 Qh5
28. Rdc1 Kh8 29. Kf1 g5 30. fxg5 Qxg5 31. Bf3 Rg8 32. Ke2 Qh4 33. a4 Qg5 34.
Qb2 Qf6 35. b5 axb5 36. axb5 cxb5 37. Qxb5 Rxc2+ 38. Rxc2 Ne7 39. Qxb7 Rg5 40.
Qd7 Nf5 41. Bg4 Bh2 42. Rc5 Nd6 43. Ne5 Rxe5 44. dxe5 Bxe5 45. Qc6 Bh2 46. Rc2
Kg7 47. Qg2 Qg6 48. Rc6 Be5 49. f4 1-0

[Event "40 Nezhmetdinov Memorial"]
[Site "Kazan"]
[Date "2018.09.20"]
[Round "8.29"]
[White "Nikitin, Georgy"]
[Black "Filipenko, Alexander V"]
[Result "0-1"]
[WhiteElo "1763"]
[BlackElo "2245"]
[PlyCount "44"]
[EventDate "2018.09.13"]

1. d4 d5 2. c4 c6 3. Nf3 Nf6 4. Nc3 e6 5. Bg5 h6 6. Bh4 dxc4 7. e4 g5 8. Bg3 b5
9. a3 Bb7 10. e5 Nh5 11. Ne4 Nd7 12. Be2 c5 13. Nfd2 Nxg3 14. fxg3 cxd4 15. O-O
Nxe5 16. Nf6+ Ke7 17. Bh5 Bg7 18. Qe2 Qd6 19. Nde4 Bxe4 20. Nxe4 Qb6 21. Qe1 f5
22. Qb4+ Kd8 0-1

[Event "40 Nezhmetdinov Memorial"]
[Site "Kazan"]
[Date "2018.09.20"]
[Round "8.30"]
[White "Emelianov, Fedor"]
[Black "Glukhov, Alexander"]
[Result "1/2-1/2"]
[WhiteElo "2124"]
[BlackElo "2236"]
[PlyCount "80"]
[EventDate "2018.09.13"]

1. e4 c5 2. Nf3 Nc6 3. d4 cxd4 4. Nxd4 g6 5. c4 Bg7 6. Be3 Nf6 7. Nc3 Ng4 8.
Qxg4 Nxd4 9. Qd1 Ne6 10. Be2 O-O 11. Qd2 b6 12. O-O Nc5 13. f3 a5 14. Rfd1 Bb7
15. Bd4 Bc6 16. Rab1 e6 17. b3 f5 18. Bxg7 Kxg7 19. Qd4+ Qf6 20. e5 Qd8 21. a3
f4 22. Bd3 Nxd3 23. Rxd3 Qc7 24. Ne4 Bxe4 25. Qxe4 Ra7 26. a4 Rf5 27. Rbd1 Qc5+
28. Kf1 Rf7 29. Rd6 Kf8 30. Qd4 Qxd4 31. R1xd4 Rb7 32. Re4 Ke7 33. Rdd4 g5 34.
Kf2 Rf5 35. h4 h6 36. hxg5 hxg5 37. Rd1 Rc7 38. Rh1 Rc5 39. Rhe1 Rc8 40. Rh1
Rc5 1/2-1/2

[Event "40 Nezhmetdinov Memorial"]
[Site "Kazan"]
[Date "2018.09.20"]
[Round "8.31"]
[White "Anchutin, Nikita"]
[Black "Sairanov, Talgat"]
[Result "1-0"]
[WhiteElo "2221"]
[BlackElo "2077"]
[PlyCount "69"]
[EventDate "2018.09.13"]

1. d4 Nf6 2. Nf3 g6 3. g3 Bg7 4. Bg2 O-O 5. O-O d6 6. c4 c6 7. Nc3 Qb6 8. Qc2
Qa6 9. b3 b5 10. Nd2 Bb7 11. Bb2 Nbd7 12. Rfd1 bxc4 13. Nxc4 Rac8 14. e4 d5 15.
Ne3 dxe4 16. Nxe4 c5 17. Nxc5 Bxg2 18. Nxa6 Rxc2 19. Nxc2 Bf3 20. Re1 Rc8 21.
Rac1 Bh6 22. Ne3 Bb7 23. Nc5 Nxc5 24. Rxc5 Rxc5 25. dxc5 Ne4 26. Rc1 Bc6 27. f4
f6 28. Nc4 Kf7 29. Na5 Bd7 30. c6 Bc8 31. Rd1 Ke8 32. c7 Nd6 33. Nc6 Kd7 34.
Nxe7 Kxc7 35. Rxd6 1-0

[Event "40 Nezhmetdinov Memorial"]
[Site "Kazan"]
[Date "2018.09.20"]
[Round "8.32"]
[White "Filippova, Margarita"]
[Black "Maneluk, Daniil"]
[Result "1-0"]
[WhiteElo "2103"]
[BlackElo "2170"]
[PlyCount "45"]
[EventDate "2018.09.13"]

1. d4 Nf6 2. Nf3 c5 3. d5 b5 4. Bg5 Qb6 5. Bxf6 Qxf6 6. c3 d6 7. e3 Bd7 8. Nbd2
Na6 9. a4 Nc7 10. axb5 g5 11. Ne4 Qf5 12. Bd3 Qxd5 13. c4 Qb7 14. Nfxg5 Qc8 15.
Qh5 Be6 16. f4 h6 17. f5 hxg5 18. Qxh8 Bxf5 19. O-O Be6 20. Nxg5 d5 21. b6 dxc4
22. Be4 Nd5 23. b7 1-0

[Event "40 Nezhmetdinov Memorial"]
[Site "Kazan"]
[Date "2018.09.20"]
[Round "8.33"]
[White "Vorobiev, Sergey"]
[Black "Kalegin, Evgenij"]
[Result "0-1"]
[WhiteElo "2092"]
[BlackElo "2433"]
[PlyCount "102"]
[EventDate "2018.09.13"]

1. d4 Nf6 2. Bf4 g6 3. e3 Bg7 4. c3 O-O 5. Nf3 d6 6. h3 b6 7. Bc4 Bb7 8. O-O e6
9. Nbd2 Qe7 10. a4 a6 11. Bh2 Nbd7 12. Qb3 e5 13. Rfd1 e4 14. Ne1 h5 15. a5 b5
16. Be2 c5 17. Qa3 Ne8 18. dxc5 dxc5 19. Nb3 Rc8 20. Rd2 Ne5 21. Rad1 Nf6 22.
Rd6 c4 23. Bxe5 Qxe5 24. Rb6 Rc7 25. Nc5 Rxc5 26. Rxb7 Rd5 27. Rd4 Rxd4 28.
cxd4 Qe6 29. Nc2 Nd5 30. Nb4 Rc8 31. Nxd5 Qxd5 32. Rb6 Bf8 33. Qa1 Rc6 34. Rxc6
Qxc6 35. f3 Bb4 36. Kf2 f5 37. f4 Qc7 38. g4 Qxa5 39. Qd1 Qd8 40. Kg3 hxg4 41.
hxg4 Qf6 42. Qc2 Bd6 43. b3 g5 44. bxc4 gxf4+ 45. exf4 Qxd4 46. cxb5 Kg7 47.
Qd1 Qe3+ 48. Kg2 Qxf4 49. Qd4+ Kh7 50. gxf5 Qg3+ 51. Kf1 e3 0-1

[Event "40 Nezhmetdinov Memorial"]
[Site "Kazan"]
[Date "2018.09.20"]
[Round "8.34"]
[White "Martynyuk, Elizaveta"]
[Black "Makoveev, Ilya"]
[Result "1-0"]
[WhiteElo "2078"]
[BlackElo "2271"]
[PlyCount "73"]
[EventDate "2018.09.13"]

1. e4 c5 2. Nc3 d6 3. d4 cxd4 4. Qxd4 Nc6 5. Qd2 Nf6 6. b3 g6 7. Bb2 Bg7 8.
O-O-O O-O 9. f3 Nd7 10. g4 Nde5 11. h4 h6 12. Be2 Qa5 13. Nh3 Be6 14. h5 Rac8
15. Kb1 Nb4 16. a3 Nxf3 17. Bxf3 Nxc2 18. Qxc2 Bxc3 19. Rd3 Be5 20. Qd2 Qxd2
21. Rxd2 Bxb3 22. Bxe5 dxe5 23. Rc1 Rxc1+ 24. Kxc1 Be6 25. Nf2 Rc8+ 26. Rc2 Kg7
27. Nd3 Rxc2+ 28. Kxc2 Kf6 29. Kd2 Kg5 30. hxg6 fxg6 31. Ke3 Kf6 32. Bd1 Bc8
33. Nb4 Ke6 34. g5 Kf7 35. gxh6 e6 36. Nd3 Kf6 37. Nxe5 1-0

[Event "40 Nezhmetdinov Memorial"]
[Site "Kazan"]
[Date "2018.09.20"]
[Round "8.35"]
[White "Shoboev, Dandar"]
[Black "Volkov, Roman"]
[Result "1-0"]
[WhiteElo "2237"]
[BlackElo "2065"]
[PlyCount "181"]
[EventDate "2018.09.13"]

1. d4 Nf6 2. c4 g6 3. Nc3 d5 4. Nf3 Bg7 5. Bg5 Ne4 6. cxd5 Nxg5 7. Nxg5 e6 8.
Qd2 exd5 9. Qe3+ Kf8 10. Nf3 Nc6 11. h3 Bf5 12. Qd2 Bf6 13. e3 Kg7 14. Bd3 Ne7
15. O-O Be6 16. b4 Nf5 17. b5 Nd6 18. Rac1 h5 19. Ne5 Bxe5 20. dxe5 Nc4 21.
Bxc4 dxc4 22. Qb2 Qh4 23. Ne2 Rhd8 24. Nf4 Qe7 25. Qc3 a6 26. Nxe6+ Qxe6 27.
Qxc4 Qxe5 28. Qxc7 Qxb5 29. Rfd1 Rd5 30. Qe7 Rad8 31. Rxd5 Qxd5 32. Rc7 b5 33.
f4 Rf8 34. a3 a5 35. Rc5 Qd1+ 36. Kh2 Rd8 37. Rxb5 a4 38. Rb7 Rf8 39. Qe5+ Kg8
40. f5 Qc2 41. fxg6 Qxg6 42. Rb5 Rd8 43. Qf4 Qd6 44. Rb4 Qxf4+ 45. exf4 Ra8 46.
Kg3 Ra5 47. Kh4 Kg7 48. Re4 f6 49. g4 hxg4 50. hxg4 f5 51. gxf5 Kf6 52. Kg4 Ra8
53. Re6+ Kf7 54. Rg6 Rc8 55. Ra6 Rc1 56. Rxa4 Rg1+ 57. Kf3 Kf6 58. Ra5 Rf1+ 59.
Ke3 Re1+ 60. Kd2 Re4 61. a4 Rxf4 62. Kc3 Ke7 63. Kb3 Rf3+ 64. Kc2 Rf4 65. Kc3
Kd7 66. Kd3 Ke7 67. Ke3 Rh4 68. Ra6 Rb4 69. Re6+ Kf7 70. Re4 Rb3+ 71. Kf4 Ra3
72. Ke5 Rd3 73. Rd4 Re3+ 74. Kd5 Rf3 75. Kc6 Rxf5 76. Re4 Kf8 77. Kb6 Rf6+ 78.
Kb5 Rf5+ 79. Kb4 Rf1 80. a5 Rb1+ 81. Kc5 Ra1 82. Kb6 Rb1+ 83. Ka7 Ra1 84. a6
Kf7 85. Re2 Ra3 86. Rb2 Re3 87. Ka8 Ke7 88. a7 Kd6 89. Kb7 Re7+ 90. Ka6 Re8 91.
Rb8 1-0

[Event "40 Nezhmetdinov Memorial"]
[Site "Kazan"]
[Date "2018.09.20"]
[Round "8.36"]
[White "Kuzmin, Roman"]
[Black "Zhafyarov, Adel"]
[Result "1-0"]
[WhiteElo "2053"]
[BlackElo "2202"]
[PlyCount "83"]
[EventDate "2018.09.13"]

1. e4 e5 2. Nf3 Nf6 3. Nxe5 d6 4. Nf3 Nxe4 5. d4 Be7 6. Bd3 Nf6 7. O-O O-O 8.
h3 Re8 9. c4 Nbd7 10. Nc3 Nf8 11. Re1 g6 12. Bg5 Ne6 13. Bh4 d5 14. Bxf6 Bxf6
15. Nxd5 Bg7 16. Bc2 Rf8 17. Re4 c6 18. Nc3 Qd6 19. Ne2 Rd8 20. Re3 b6 21. Rd3
Ba6 22. Bb3 c5 23. d5 Bxb2 24. Rb1 Bg7 25. Qd2 Nc7 26. a4 Bc8 27. Ng3 a6 28.
Re1 Bd7 29. Ne4 Qf8 30. Qf4 Ne8 31. Ne5 Bxe5 32. Qxe5 Bf5 33. g4 Bxe4 34. Qxe4
Nd6 35. Qf4 b5 36. Rde3 bxc4 37. Bxc4 Nxc4 38. Qxc4 Qd6 39. Rc3 Rac8 40. Qb3
Qxd5 41. Re8+ Kg7 42. Qxd5 1-0

[Event "40 Nezhmetdinov Memorial"]
[Site "Kazan"]
[Date "2018.09.20"]
[Round "8.37"]
[White "Kozlov, Denis"]
[Black "Pogorelskikh, Sofia"]
[Result "1-0"]
[WhiteElo "2164"]
[BlackElo "2037"]
[PlyCount "75"]
[EventDate "2018.09.13"]

1. c4 g6 2. g3 Bg7 3. Bg2 c5 4. Nc3 Nc6 5. Nf3 e5 6. d3 h6 7. Nd2 d6 8. O-O
Nge7 9. b3 e4 10. Bb2 exd3 11. exd3 O-O 12. Nf3 Bf5 13. Qb1 Ne5 14. Nxe5 dxe5
15. Nd5 Be6 16. Nxe7+ Qxe7 17. Re1 Qc7 18. Qd1 Rfe8 19. Qe2 Bd7 20. Bc3 Bc6 21.
Be4 Rad8 22. Rad1 h5 23. h4 f5 24. Bxc6 Qxc6 25. Qc2 b6 26. Re3 Qd7 27. Rde1 f4
28. Rf3 Qg4 29. Kg2 Bf6 30. Re4 Re7 31. Rexf4 exf4 32. Bxf6 Rde8 33. Bxe7 Rxe7
34. Rxf4 Qe2 35. Qc3 Re6 36. d4 Re4 37. Qf3 Rxf4 38. Qxe2 1-0

[Event "40 Nezhmetdinov Memorial"]
[Site "Kazan"]
[Date "2018.09.20"]
[Round "8.38"]
[White "Yadigarov, Aivaz"]
[Black "Mochalin, Faddey"]
[Result "0-1"]
[WhiteElo "1789"]
[BlackElo "2100"]
[PlyCount "74"]
[EventDate "2018.09.13"]

1. Nf3 d5 2. g3 Bg4 3. Bg2 Nd7 4. d3 Ngf6 5. O-O e5 6. Nbd2 c6 7. c4 Bc5 8. b4
Bd6 9. Rb1 Qe7 10. b5 O-O 11. h3 Bh5 12. Nh4 Qe6 13. cxd5 Nxd5 14. Ne4 Be7 15.
bxc6 bxc6 16. Bd2 f5 17. Nc3 Bxh4 18. gxh4 Nxc3 19. Bxc3 f4 20. Qb3 Qxb3 21.
Rxb3 f3 22. exf3 Nc5 23. Ra3 Nxd3 24. Rd1 e4 25. Rd2 Bxf3 26. Bf1 Nf4 27. Rd7
Rf7 28. Rxf7 Kxf7 29. Ra6 Rd8 30. Rxa7+ Ke8 31. Kh2 Rd1 32. Ra8+ Kf7 33. Ra7+
Ke6 34. Bc4+ Kd6 35. Bb4+ c5 36. Ra6+ Ke5 37. Bc3+ Kf5 0-1

[Event "40 Nezhmetdinov Memorial"]
[Site "Kazan"]
[Date "2018.09.20"]
[Round "8.39"]
[White "Makov, Artem"]
[Black "Gavrilin, Roman"]
[Result "0-1"]
[WhiteElo "1818"]
[BlackElo "2054"]
[PlyCount "68"]
[EventDate "2018.09.13"]

1. e4 e5 2. Nf3 Nc6 3. Bc4 Bc5 4. b4 Bxb4 5. c3 Ba5 6. d4 exd4 7. O-O Nge7 8.
cxd4 d5 9. exd5 Nxd5 10. Qb3 Be6 11. Ba3 Qd7 12. Nbd2 Bb6 13. Rfe1 Na5 14. Qd3
Nxc4 15. Nxc4 O-O-O 16. Qc2 f6 17. Rad1 Kb8 18. Bc5 Bf5 19. Qb3 Rhe8 20. a4
Rxe1+ 21. Nxe1 Nf4 22. Bxb6 axb6 23. a5 bxa5 24. Nxa5 Qd5 25. Qa4 Ne2+ 26. Kh1
Nc3 27. Nc6+ Qxc6 28. Qxc6 bxc6 29. Rc1 Ne2 30. Rxc6 Rxd4 31. h3 Rd1 32. Rc5
Rxe1+ 33. Kh2 Nd4 34. Rd5 Rd1 0-1

[Event "40 Nezhmetdinov Memorial"]
[Site "Kazan"]
[Date "2018.09.20"]
[Round "8.40"]
[White "Semenova, Anastasia"]
[Black "Pingin, Artem"]
[Result "1/2-1/2"]
[WhiteElo "1775"]
[BlackElo "2019"]
[PlyCount "58"]
[EventDate "2018.09.13"]

1. e4 c5 2. c3 Nf6 3. e5 Nd5 4. d4 cxd4 5. cxd4 e6 6. Nc3 d6 7. Nf3 Nc6 8. Bc4
Nxc3 9. bxc3 dxe5 10. Nxe5 Nxe5 11. dxe5 Bd7 12. Qe2 Qc7 13. Bb2 a6 14. O-O Bc5
15. Bd3 Bc6 16. c4 O-O-O 17. Be4 h5 18. Rad1 h4 19. Qf3 Bxe4 20. Qxe4 Qb6 21.
Rb1 Qa7 22. Bc3 Rd7 23. Qf3 Rhd8 24. Ba5 b6 25. Bb4 Rc7 26. h3 Qb7 27. Qa3 Kb8
28. Rfd1 Rd4 29. Rxd4 Bxd4 1/2-1/2

[Event "40 Nezhmetdinov Memorial"]
[Site "Kazan"]
[Date "2018.09.20"]
[Round "8.41"]
[White "Murzin, Lenar"]
[Black "Nikolaeva, Ksenya"]
[Result "1-0"]
[WhiteElo "2007"]
[BlackElo "1874"]
[PlyCount "75"]
[EventDate "2018.09.13"]

1. d4 d5 2. c4 c6 3. cxd5 cxd5 4. Bf4 Nc6 5. e3 Nf6 6. Nc3 a6 7. Bd3 e6 8. Rc1
Bd6 9. Bxd6 Qxd6 10. f4 b5 11. Nf3 Bb7 12. O-O O-O 13. Ne5 Rac8 14. Qe1 Ne7 15.
Qh4 Ne4 16. Qh3 f5 17. Ne2 Rxc1 18. Nxc1 Nd2 19. Rd1 Nc4 20. b3 Nxe5 21. fxe5
Qd8 22. b4 Nc6 23. a3 a5 24. Bxb5 axb4 25. Bxc6 Bxc6 26. axb4 Qb6 27. Nd3 Ba4
28. Rc1 Re8 29. Qh4 Qb5 30. Rc3 Bc2 31. Nf4 Qxb4 32. Rc7 Qb1+ 33. Kf2 Bd3 34.
Qg5 Qf1+ 35. Kg3 Qe1+ 36. Kh3 Qxe3+ 37. g3 Bf1+ 38. Kh4 1-0

[Event "40 Nezhmetdinov Memorial"]
[Site "Kazan"]
[Date "2018.09.20"]
[Round "8.42"]
[White "Gabitov, Bulat"]
[Black "Kopylov, Artem"]
[Result "1-0"]
[WhiteElo "1998"]
[BlackElo "1779"]
[PlyCount "41"]
[EventDate "2018.09.13"]

1. d4 Nf6 2. c4 c5 3. d5 b5 4. Qc2 bxc4 5. e4 e6 6. Bxc4 exd5 7. exd5 d6 8. h3
Be7 9. Nf3 O-O 10. O-O Nbd7 11. Nc3 Nb6 12. Qd3 Nxc4 13. Qxc4 Qb6 14. Re1 Re8
15. Bg5 Bb7 16. Qa4 Qa6 17. Qh4 h6 18. Rxe7 Rxe7 19. Bxf6 gxf6 20. Ne4 Kf8 21.
Qxh6+ 1-0

[Event "40 Nezhmetdinov Memorial"]
[Site "Kazan"]
[Date "2018.09.20"]
[Round "8.43"]
[White "Kurinov, Mikhail"]
[Black "Novikov, Roman"]
[Result "0-1"]
[WhiteElo "1766"]
[BlackElo "1992"]
[PlyCount "114"]
[EventDate "2018.09.13"]

1. d4 Nf6 2. c4 c5 3. d5 b5 4. Nf3 g6 5. e3 Bg7 6. cxb5 d6 7. Nc3 a6 8. e4 O-O
9. a4 axb5 10. Bxb5 Ba6 11. Bg5 h6 12. Bd2 Nbd7 13. O-O Qa5 14. h3 Rfb8 15. Re1
Ra7 16. b3 Qb6 17. Rc1 Ne8 18. Qc2 Bxc3 19. Qxc3 Bxb5 20. axb5 Qxb5 21. Bxh6
Qxb3 22. Qxb3 Rxb3 23. e5 Rxf3 24. gxf3 Nxe5 25. Rc3 f6 26. Bf4 Nc7 27. Bxe5
fxe5 28. Rd1 Kf7 29. f4 exf4 30. Rc4 g5 31. h4 gxh4 32. Rxf4+ Ke8 33. Rxh4 Kd7
34. Kg2 Ra3 35. Re4 Ra8 36. Kg3 Ra3+ 37. f3 Ra2 38. Kg4 Ne8 39. Kg3 Nf6 40. Re3
Ke8 41. Red3 Kf7 42. Re3 Rc2 43. Rb3 Nh5+ 44. Kg4 Kg6 45. Re3 Rc4+ 46. Kh3 Kf6
47. Re6+ Kf7 48. Kh2 Rc2+ 49. Kg1 Nf4 50. Re3 Kf6 51. Kf1 c4 52. Rde1 Nxd5 53.
Re6+ Kf5 54. R6e4 e5 55. R4e2 Rc3 56. Rf2 Nf4 57. Rd1 d5 0-1

[Event "40 Nezhmetdinov Memorial"]
[Site "Kazan"]
[Date "2018.09.20"]
[Round "8.44"]
[White "Zaripova, Arina"]
[Black "Ismagilov, Igor"]
[Result "0-1"]
[WhiteElo "1752"]
[BlackElo "1952"]
[PlyCount "72"]
[EventDate "2018.09.13"]

1. e4 c5 2. Nc3 Nc6 3. Bb5 g6 4. Bxc6 dxc6 5. h3 Bg7 6. Nf3 Nf6 7. d3 O-O 8.
O-O b6 9. a4 Bb7 10. Be3 Qc7 11. Nh2 Rad8 12. Qe2 Nh5 13. Nf3 Nf4 14. Qe1 Ne6
15. Qc1 Nd4 16. Nh2 Ba6 17. Rd1 c4 18. Qb1 Rd7 19. Ra3 Rfd8 20. Na2 e5 21. Nc1
Bf8 22. Ra1 Ne6 23. Ng4 Be7 24. f3 c5 25. Nf2 cxd3 26. Ncxd3 c4 27. Ne1 Nd4 28.
Qa2 Bc5 29. Kh1 Ne2 30. Bg5 Bxf2 31. Bxd8 Qxd8 32. Rxd7 Qxd7 33. Qb1 Qd2 34.
Qd1 Ng3+ 35. Kh2 Nf1+ 36. Kh1 Qf4 0-1

[Event "40 Nezhmetdinov Memorial"]
[Site "Kazan"]
[Date "2018.09.20"]
[Round "8.45"]
[White "Grekhov, Luka"]
[Black "Norkin, Yaks"]
[Result "1-0"]
[WhiteElo "1914"]
[BlackElo "1752"]
[PlyCount "97"]
[EventDate "2018.09.13"]

1. e4 d5 2. exd5 Qxd5 3. Nc3 Qa5 4. d4 e5 5. Nf3 Bb4 6. Bd2 Bg4 7. a3 Bxf3 8.
Qxf3 Nc6 9. Bb5 Nge7 10. O-O Bxc3 11. Bxc6+ bxc6 12. Bxc3 Qd5 13. Qxd5 Nxd5 14.
dxe5 Nxc3 15. bxc3 Rb8 16. Rab1 Ke7 17. Rb4 Rxb4 18. cxb4 Rd8 19. f4 Rd2 20.
Rf2 Rd1+ 21. Rf1 Rd2 22. c4 Rd4 23. c5 a5 24. bxa5 Ra4 25. Rf3 Rc4 26. Rb3 Rxc5
27. Rb7 Kd7 28. Ra7 Rc3 29. a6 Rxa3 30. Ra8 c5 31. a7 c4 32. Kf2 c3 33. Ke2 Kc6
34. Kd3 Kb7 35. Rg8 Rxa7 36. Rxg7 Kc6 37. Rxf7 h5 38. Kxc3 Kd5 39. Rh7 Ra3+ 40.
Kb2 Re3 41. Rxc7 Ke6 42. Rc2 h4 43. h3 Kf5 44. Rf2 Rd3 45. Kc2 Ra3 46. Re2 Kxf4
47. e6 Ra8 48. e7 Re8 49. Kd3 1-0

[Event "40 Nezhmetdinov Memorial"]
[Site "Kazan"]
[Date "2018.09.20"]
[Round "8.46"]
[White "Yakimova, Mariya"]
[Black "Khusnutdinov, Abdul"]
[Result "1-0"]
[WhiteElo "1882"]
[BlackElo "1724"]
[PlyCount "81"]
[EventDate "2018.09.13"]

1. d4 d5 2. c4 c6 3. Nf3 Nf6 4. g3 Bf5 5. Bg2 e6 6. O-O Nbd7 7. Bf4 Be7 8. b3
h6 9. Nc3 Ne4 10. Rc1 Ba3 11. Rc2 Nxc3 12. Rxc3 Bb4 13. Rc1 g5 14. Bd2 Ba3 15.
Rc3 Nf6 16. cxd5 Nxd5 17. Rc4 Qd6 18. Bc1 Bb4 19. a3 Bc3 20. Ne5 f6 21. e4 fxe5
22. exd5 exd4 23. dxc6 O-O-O 24. c7 Rd7 25. g4 Bg6 26. Qf3 Qb6 27. Qf6 Rg8 28.
Bc6 bxc6 29. h4 c5 30. hxg5 Bd3 31. Qf3 Qxc7 32. Qxd3 hxg5 33. b4 Rd5 34. Qe4
Qe5 35. Qg2 Kb8 36. bxc5 Rxc5 37. Rxc5 Qxc5 38. Qe4 Qd5 39. Qh7 Qd8 40. Bf4+
Kc8 41. Rb1 1-0

[Event "40 Nezhmetdinov Memorial"]
[Site "Kazan"]
[Date "2018.09.20"]
[Round "8.47"]
[White "Khabibullin, Ruslan"]
[Black "Nikolaev, Matvei"]
[Result "0-1"]
[WhiteElo "1517"]
[BlackElo "1807"]
[PlyCount "60"]
[EventDate "2018.09.13"]

1. d4 Nf6 2. Nf3 g6 3. Bf4 d6 4. h3 Bg7 5. e3 O-O 6. Be2 b6 7. c4 Bb7 8. Nc3 e6
9. O-O Qe7 10. Bh2 Nbd7 11. Re1 Ne4 12. Nxe4 Bxe4 13. Nd2 Bb7 14. Bf3 Bxf3 15.
Nxf3 e5 16. Qc2 f5 17. Rad1 Rad8 18. Qa4 a5 19. Qc6 e4 20. Nd2 Nb8 21. Qa4 g5
22. Qc2 Nc6 23. a3 Rde8 24. d5 Ne5 25. Bxe5 Qxe5 26. Rb1 g4 27. hxg4 fxg4 28.
g3 Qh5 29. b4 Rxf2 30. Kxf2 Qh2+ 0-1

[Event "40 Nezhmetdinov Memorial"]
[Site "Kazan"]
[Date "2018.09.20"]
[Round "8.48"]
[White "Smorodkin, Kirill"]
[Black "Ismailov, Amir"]
[Result "0-1"]
[WhiteElo "1875"]
[BlackElo "1716"]
[PlyCount "60"]
[EventDate "2018.09.13"]

1. e4 c5 2. Nf3 d6 3. d4 cxd4 4. Nxd4 Nf6 5. Nc3 a6 6. Be2 e5 7. Nb3 Be6 8. Be3
Be7 9. Nd5 Nxd5 10. exd5 Bf5 11. c4 Nd7 12. Bg4 Bg6 13. Rc1 O-O 14. c5 f5 15.
cxd6 Bxd6 16. Be2 f4 17. Bc5 Nxc5 18. Nxc5 Rc8 19. Ne6 Qa5+ 20. Kf1 Rfe8 21. f3
Rxc1 22. Qxc1 Qxd5 23. Nc7 Bxc7 24. Qxc7 Bd3 25. Qc3 e4 26. fxe4 Bxe2+ 27. Kxe2
Qxe4+ 28. Kd1 Qxg2 29. Re1 Qg4+ 30. Kc1 Rc8 0-1

[Event "40 Nezhmetdinov Memorial"]
[Site "Kazan"]
[Date "2018.09.20"]
[Round "8.49"]
[White "Lazarev, Artem"]
[Black "Muldiarov, Valerij"]
[Result "1-0"]
[WhiteElo "1671"]
[BlackElo "1737"]
[PlyCount "83"]
[EventDate "2018.09.13"]

1. e4 c5 2. Nc3 d6 3. g3 Nf6 4. Bg2 g6 5. f4 Nc6 6. Nf3 Bg7 7. O-O O-O 8. d3
Bd7 9. h3 Rb8 10. a4 h5 11. Nh4 e6 12. f5 exf5 13. exf5 Ne5 14. Bg5 Qc8 15.
fxg6 fxg6 16. Nd5 Nxd5 17. Bxd5+ Be6 18. Rxf8+ Kxf8 19. Qf1+ Kg8 20. Bg2 Qd7
21. Kh2 Kh7 22. Qe2 Rf8 23. Be4 Kg8 24. Nxg6 Nxg6 25. Bxg6 Bxh3 26. Bxh5 Bd4
27. Bf4 Be6 28. c3 Bg7 29. Re1 Bf5 30. Qg2 Bg4 31. Qd5+ Kh8 32. Bxg4 Qxg4 33.
Rh1 Bf6 34. Kg2+ Kg7 35. Bh6+ Kg6 36. Bxf8 Qe2+ 37. Kh3 Be5 38. Qe6+ Kh7 39.
Qf5+ Kh8 40. Qg4 Qf2 41. Be7 Kh7 42. Bg5 1-0